<?xml version="1.0" encoding="UTF-8"?>
<collection xmlns="http://www.loc.gov/MARC21/slim">
<record>
  <controlfield tag="001">7204</controlfield>
  <controlfield tag="005">20250103103318.0</controlfield>
  <datafield tag="037" ind1=" " ind2=" ">
    <subfield code="a">CTALK-2025-0012</subfield>
  </datafield>
  <datafield tag="100" ind1=" " ind2=" ">
    <subfield code="a">Merle, T.</subfield>
  </datafield>
  <datafield tag="245" ind1=" " ind2=" ">
    <subfield code="a"> Binaries through cross-calibration of Galactic spectroscopic surveys </subfield>
  </datafield>
  <datafield tag="260" ind1=" " ind2=" ">
    <subfield code="c">2024</subfield>
  </datafield>
  <datafield tag="269" ind1=" " ind2=" ">
    <subfield code="c">2024-07-02</subfield>
  </datafield>
  <datafield tag="520" ind1=" " ind2=" ">
    <subfield code="a">Cross-calibration between spectroscopic surveys is fundamental to anchor the analysis of millions stars on solid grounds. Nevertheless, 10 to 15 percent of a random sample of stars will appear as spectroscopic binaries, which can alter the atmospheric parameters derived from single-star analysis pipelines. This is why it is important to include a small sample of well-known spectroscopic binaries across spectroscopic surveys to assess the effect of binarity through different spectrographs at different resolutions and wavelength coverages, on the pipelines in charge of deriving the atmospheric parameters. Another interesting aspect of this cross-calibration will be the possibility to detect and characterize a few thousands of spectroscopic binaries from the cross-calibration sample (excluding the sample of well-known binaries), taking advantage of the cadence for free of each survey, that will provide enough epochs to constrain orbital parameters, once the zero-point of each spectrograph is well constrained. </subfield>
  </datafield>
  <datafield tag="536" ind1=" " ind2=" ">
    <subfield code="a">BELSPO/</subfield>
    <subfield code="c">FED-tWIN/</subfield>
    <subfield code="f">Prf-2020-033_BISTRO</subfield>
  </datafield>
  <datafield tag="594" ind1=" " ind2=" ">
    <subfield code="a">NO</subfield>
  </datafield>
  <datafield tag="773" ind1=" " ind2=" ">
    <subfield code="t">EAS2024/, European Astronomical Society Annual Meeting, held 1-5 July, 2024 in Padova, Italy</subfield>
  </datafield>
  <datafield tag="856" ind1="0" ind2=" ">
    <subfield code="f">thibault.merle@ksb-orb.be</subfield>
  </datafield>
  <datafield tag="856" ind1="4" ind2="2">
    <subfield code="a">https://eas.unige.ch/EAS2024/session.jsp?id=LS3</subfield>
  </datafield>
  <datafield tag="856" ind1="4" ind2=" ">
    <subfield code="s">6128948</subfield>
    <subfield code="u">http://publi2-as.oma.be/record/7204/files/merle_xsurveys_4most_expanded.pdf</subfield>
  </datafield>
  <datafield tag="856" ind1="4" ind2=" ">
    <subfield code="s">8762</subfield>
    <subfield code="u">http://publi2-as.oma.be/record/7204/files/merle_xsurveys_4most_expanded.jpg?subformat=icon-180</subfield>
    <subfield code="x">icon-180</subfield>
  </datafield>
  <datafield tag="856" ind1="4" ind2=" ">
    <subfield code="s">9064</subfield>
    <subfield code="u">http://publi2-as.oma.be/record/7204/files/merle_xsurveys_4most_expanded.gif?subformat=icon</subfield>
    <subfield code="x">icon</subfield>
  </datafield>
  <datafield tag="906" ind1=" " ind2=" ">
    <subfield code="a">Contributed</subfield>
  </datafield>
  <datafield tag="980" ind1=" " ind2=" ">
    <subfield code="a">CTALKCONT</subfield>
  </datafield>
</record>
</collection>